000 00842nam a2200253 a 4500
001 BRCA_2265
005 20190320203733.0
008 980604s1990 mx-a---###---#000-0#spa-d
020 _a968361326X
040 _aNOC
_cNOC
_dUIU
050 4 _aZ115
_b.R36 1990
100 1 _aRamírez Montes, Guillermina
_93682
245 1 0 _aManuscritos novohispanos
_bejercicios de lectura
_cGuillermina Ramírez Montes.
260 _aMéxico
_bUNAM
_c1990
300 _aviii, 177 p.
_bil.
_c29 cm
440 0 _aApoyo a la docencia
_v1
_96802
504 _aBibliografía: p. 172-177
650 1 4 _aPaleografía americana española
_xManuales
_96803
650 1 4 _aManuscritos españoles
_xFacsímiles
_zMéxico
_96804
650 1 4 _aManuscritos novohispanos
_ySiglo XVI
_96805
650 1 4 _aEscritura
_xHistoria
_91560
653 0 _aLibros antiguos
942 _2lcc
_cB
999 _c2014
_d2014